La alternativa reformista frente a la crisis democrática
Gespeichert in:
| 1. Verfasser: | |
|---|---|
| Format: | Text |
| Veröffentlicht: |
Panamá:
Universidad de Panamá
|
| Tags: |
Tag hinzufügen
Keine Tags, Fügen Sie den ersten Tag hinzu!
|
MARC
| LEADER | 00000 a a2200000 04500 | ||
|---|---|---|---|
| 001 | 20337 | ||
| 003 | |||
| 040 | |||
| 090 | |a 084600 | ||
| 100 | |a Jiménez, Edgar | ||
| 245 | |a La alternativa reformista frente a la crisis democrática | ||
| 260 | |a Panamá: |b Universidad de Panamá | ||
| 300 | |a 13 p. | ||
| 999 | |c 6214 |d 6214 | ||
